Music Quiz

Random Music Quiz

Rexys Midnight runners Quiz Stats

 Plays Quiz not verified by Sporcle

Challenge
Share
Tweet
Embed
Score 0/10 Timer 10:00
0 Plays Today
Question Answer Wrong Answers
What Is love Baby Dont hurt me
100%
A warm Cookie
0%
your Face
0%
baby dont hertz me
0%
Go for It
100%
pie
0%
waffle
0%
donkey
0%
oops upside your Head
87.5%
Turnip
0%
Dragon
0%
Dayman
12.5%
nightman fighter of the dayman
87.5%
sunshine
0%
koppa troopa
12.5%
ran ot of ideas
0%
Now we got Bad Blood
87.5%
Scores
0%
Posture
12.5%
Goats
0%
Mama Just Killed a Man
87.5%
Women
0%
Midget
0%
Hawk
12.5%
you gotta pay the troll toll
87.5%
pancake maker
12.5%
ferret
0%
alpha male
0%
the venga ....... is coming bus
75%
car
0%
train
25%
napkin
0%
dont hinder Jinder
62.5%
me
37.5%
ben
0%
lee
0%
we the people dur dur dur dur dur dur
62.5%
fight
37.5%
fidgit
0%
melon
0%

You're not logged in!

Compare scores with friends on all Sporcle quizzes.
OR
Log In

You Might Also Like...

Show Comments

Extras

Created May 24, 2017ReportNominate
Tags:midnight, runner

Top Quizzes Today


Score Distribution

Your Account Isn't Verified!

In order to create a playlist on Sporcle, you need to verify the email address you used during registration. Go to your Sporcle Settings to finish the process.

Report this User

Report this user for behavior that violates our Community Guidelines.

Details: